Conocimiento e investigación en Comino crespo (Aniba perutilis hemsl), Cacay (Caryodendron orinocense karst.karts.) y bosques del piedemonte llanero en el departamento del Meta / (Registro nro. 18859)

Detalles MARC
000 -CABECERA
Campo de control 01170nam a2200265 4500
005 - FECHA Y HORA DE LA ULTIMA TRANSACCION
Campo de control 20160629154855.0
008 - ELEMENTOS DE LONGITUD FIJA—INFORMACION GENERAL
Campo de control 160629t2012 ck ado||r|||| 001 0 spa d
020 ## - ISBN
ISBN 9789589906989
040 ## - FUENTE DE CATALOGACIÓN
Agencia catalogadora original CO-BoIAVH
Agencia transcriptora CO-BoIAVH
041 0# - IDIOMA
Código de idioma para texto/pista de sonido o título separado Español
044 ## - PAÍS DE PUBLICACIÓN
País de publicación Colombia
082 04 - NUMERO DE CLASIFICACION DECIMAL DEWEY
Número de clasificación 582.16072
Número del ítem C33c
100 1# - ASIENTO PRINCIPAL--NOMBRE PERSONAL
Nombre personal Carvajal Rojas, Lydon
Término relacionado autor
9 (RLIN) 72622
245 10 - MENCION DE TITULO
Título Conocimiento e investigación en Comino crespo (Aniba perutilis hemsl), Cacay (Caryodendron orinocense karst.karts.) y bosques del piedemonte llanero en el departamento del Meta /
Mención de responsabilidad Lyndon Carvajal Rojas
260 ## - PUBLICACION, DISTRIBUCION, ETC. (PIE DE IMPRENTA)
Lugar de publicación, distribución, etc. Bogotá :
Nombre del editor, distribuidor, etc. Cormacarena :
-- Universidad Distrital Francisco José de Caldas :
-- Ecopetrol,
Fecha de publicación, distribución, etc. c2012.
300 ## - DESCRIPCION FISICA
Extensión 104 páginas :
Otros detalles físicos ilustraciones a color, tablas y fotografías a color ;
Dimensiones 23 x 17 cm.
500 ## - NOTA GENERAL
Nota general Incluye índice de ilustraciones.
504 ## - NOTA DE BIBLIOGRAFIA, ETC.
Nota de bibliografía Incluye referencias bibliográficas.
650 26 - ASIENTO SECUNDARIO DE MATERIA - TERMINO TEMATICO
Término temático o nombre geográfico como elemento de entrada Aniba
Subdivisión general Investigación
9 (RLIN) 72628
650 26 - ASIENTO SECUNDARIO DE MATERIA - TERMINO TEMATICO
Término temático o nombre geográfico como elemento de entrada Euphorbiaceae
Subdivisión general Investigación
9 (RLIN) 72629
650 24 - ASIENTO SECUNDARIO DE MATERIA - TERMINO TEMATICO
Término temático o nombre geográfico como elemento de entrada Comino crespo
Subdivisión general Investigación
9 (RLIN) 72630
650 24 - ASIENTO SECUNDARIO DE MATERIA - TERMINO TEMATICO
Término temático o nombre geográfico como elemento de entrada Cacay
Subdivisión general Investigación
9 (RLIN) 72631
650 26 - ASIENTO SECUNDARIO DE MATERIA - TERMINO TEMATICO
Término temático o nombre geográfico como elemento de entrada Bosques
Subdivisión general Investigación
Subdivisión geográfica Meta (Departamento, Colombia)
9 (RLIN) 72632
942 ## - ELEMENTOS ADICIONALES (KOHA)
Sistema de clasificación Dewey Decimal Classification
Tipo de ítem Libro
Existencias
Withdrawn status Lost status Sistema de Clasificación Damaged status No para préstamo Colección Inventariado Ubicación Permanente Ubicación actual Fecha de adquisición Fuente de Valor Valor Total Checkouts Número topográfico Inventario / Código de Barras Date last seen Ejemplar Price effective from Forma de adquisición Tipo de material
    Dewey Decimal Classification     General Inventariado 2017 Bogotá Bogotá 29/06/2016 Instituto 39000.00   LB-582.16072 C33c 034583 29/06/2016 Ej. 1 29/06/2016 Donación Libro
    Dewey Decimal Classification     General Inventariado 2017 Sala Fabio Quevedo Sala Fabio Quevedo 29/06/2016 Instituto 39000.00   LB-582.16072 C33c 034582 29/06/2016 Ej. 2 29/06/2016 Donación Libro